En busca de la ayahuasca y otros desvíos : ensayos y reflexiones /

-д хадгалсан:
Номзүйн дэлгэрэнгүй
Үндсэн зохиолч: Theroux, Paul (autor)
Формат: Ном
Хэл сонгох:испани
Хэвлэсэн: México : Almadía, 2018, c2018
Цуврал:(Ensayo Almadía)
Нөхцлүүд:
Шошгууд: Шошго нэмэх
Шошго байхгүй, Энэхүү баримтыг шошголох эхний хүн болох!

MARC

LEADER 00000nam^a2200000^a^4500
001 000410931
005 20250521000000.0
009 20260310122100.976
020 |a 978-607-8486-98-4 
037 |a Acervo ITESO - Biblioteca 
041 |a ESP 
082 |a 818.  |b THE 
100 |a Theroux, Paul  |e (autor) 
245 1 0 |a En busca de la ayahuasca y otros desvíos :  |b ensayos y reflexiones /  |c P. Theroux ; tr. por Edith Verónica Luna. 
264 4 |a México :  |b Almadía,  |c 2018, c2018 
300 |a 261 p. 
336 |a texto  |b txt  |2 rdacontenido 
337 |a sin mediación  |b n  |2 rdamedio 
338 |a volumen  |b nc  |2 rdasoporte 
440 1 |a (Ensayo Almadía) 
521 |a FIL 2018 DIA 
649 |a XX 
650 |a Ensayos Norteamericanos 
650 |a Literatura Norteamericana -  |y Siglo XX 
650 |a Literatura Norteamericana -  |y Siglo XXI 
650 |a Hawai, EUA en la Literatura 
650 |a Africa en la Literatura 
650 |a Thoreau, Henry David 
650 |a Greene, Graham 
650 |a Thompson, Hunter S. 
600 |a Conrad, Joseph 
910 |a Fondo General 
920 |a Impresos - Libros 
930 |a Colección General 
940 |a Literatura 
905 |a 101 
901 |a 0500311660  |b IT1  |c LIT  |i C164335  |u 20250521 
902 |a https://opac.biblio.iteso.mx/vufind/Record/000410931